[Event "Czech Open Rapid 2019"]
[Site "Pardubice"]
[Date "2019.07.18"]
[Round "8.27"]
[White "Yakimenko, Alexander A."]
[Black "Mandak, Miroslav"]
[Result "1-0"]
[WhiteElo "2057"]
[BlackElo "1993"]
[Annotator "NA"]
[PlyCount "81"]
[EventDate "2019.07.17"]
[EventType "swiss"]
[EventCountry "CZE"]
[SourceTitle "playchess.com"]
[Source "ChessBase"]
[SourceQuality "1"]

1. e4 c6 2. Nc3 d5 3. Nf3 Nf6 4. e5 Ng8 5. d4 Bg4 6. h3 Bxf3 7. Qxf3 e6 8. Bd2 Nd7 9. O-O-O h5 10. g4 hxg4 11. hxg4 Rxh1 12. Qxh1 Ne7 13. Be3 Qc7 14. Qh5 a6 15. f4 g6 16. Qh7 c5 17. Kb1 cxd4 18. Bxd4 Nc6 19. Bf2 Nc5 20. f5 gxf5 21. gxf5 O-O-O 22. Bh3 d4 23. Ne2 Qxe5 24. Nc1 Qg7 25. Qh5 Kb8 26. Qe2 e5 27. Nd3 f6 28. Rg1 Qh8 29. Bg2 Nxd3 30. cxd3 Rc8 31. Qe4 Bh6 32. Rh1 Qf8 33. Be1 Bg5 34. a3 Qc5 35. Bb4 Qb6 36. Bd6+ Ka8 37. Qd5 Na7 38. Qe6 Qd8 39. Rh7 Nc6 40. Bc5 Qe8 41. Bxc6 1-0

[Event "Czech Open Rapid 2019"]
[Site "Pardubice"]
[Date "2019.07.18"]
[Round "8.28"]
[White "Punin, Andrii"]
[Black "Zdrazil, Jan"]
[Result "1/2-1/2"]
[WhiteElo "2305"]
[BlackElo "1967"]
[Annotator "NA"]
[PlyCount "58"]
[EventDate "2019.07.17"]
[EventType "swiss"]
[EventCountry "CZE"]
[SourceTitle "playchess.com"]
[Source "ChessBase"]
[SourceQuality "1"]

1. e4 c5 2. Nf3 d6 3. Bb5+ Nd7 4. Ba4 Ngf6 5. O-O Nxe4 6. Re1 Nef6 7. d4 e6 8. d5 e5 9. Nxe5 Be7 10. Nf3 O-O 11. Qe2 Nb6 12. Qxe7 Nxa4 13. Qxd8 Rxd8 14. b3 Nb6 15. c4 Bf5 16. Bg5 Nbd7 17. Nc3 a6 18. Bf4 Nf8 19. a4 Nh5 20. Bg5 Re8 21. h3 Bc2 22. Nd2 f6 23. Be3 g5 24. a5 Nd7 25. Na4 Ng7 26. Rac1 Bg6 27. Nb6 Nxb6 28. axb6 Nf5 29. g4 Nxe3 1/2-1/2

[Event "Czech Open Rapid 2019"]
[Site "Pardubice"]
[Date "2019.07.18"]
[Round "8.28"]
[White "Trasak, Ondrej"]
[Black "Gorbatenko, Alexander"]
[Result "1-0"]
[WhiteElo "1978"]
[BlackElo "2048"]
[Annotator "NA"]
[PlyCount "91"]
[EventDate "2019.07.17"]
[EventType "swiss"]
[EventCountry "CZE"]
[SourceTitle "playchess.com"]
[Source "ChessBase"]
[SourceQuality "1"]

1. d4 Nf6 2. Bf4 d5 3. e3 e6 4. c3 c5 5. Nd2 Nc6 6. Ngf3 Bd6 7. Bd3 Bxf4 8. exf4 cxd4 9. cxd4 O-O 10. O-O Qd6 11. g3 b6 12. a3 a5 13. Qe2 a4 14. Rac1 Bd7 15. Rfd1 Rfc8 16. Bc2 b5 17. Bb1 Na5 18. Ne5 Be8 19. f5 Nc4 20. Ndf3 Rc7 21. Re1 exf5 22. Bxf5 g6 23. Bd3 Rac8 24. Rcd1 Qf8 25. Ng5 Re7 26. Qf3 Qg7 27. Bxc4 bxc4 28. Re2 h6 29. Nh3 Ne4 30. Nf4 Nf6 31. Nxd5 Nxd5 32. Qxd5 c3 33. bxc3 Rxc3 34. Qd8 Re6 35. Rde1 Kh7 36. d5 Rxe5 37. Rxe5 Bb5 38. Qe7 Rd3 39. d6 g5 40. R5e3 Rd4 41. Rf3 Kg6 42. Rfe3 Bc6 43. h3 Qf6 44. Kh2 Qxd6 45. Re6+ fxe6 46. Rxe6+ 1-0

[Event "Czech Open Rapid 2019"]
[Site "Pardubice"]
[Date "2019.07.18"]
[Round "8.29"]
[White "Karalkin, Maksim"]
[Black "Rytenko, Vsevolod"]
[Result "1/2-1/2"]
[WhiteElo "2137"]
[BlackElo "2303"]
[Annotator "NA"]
[PlyCount "67"]
[EventDate "2019.07.17"]
[EventType "swiss"]
[EventCountry "CZE"]
[SourceTitle "playchess.com"]
[Source "ChessBase"]
[SourceQuality "1"]

1. e4 g6 2. d4 Bg7 3. Nc3 c6 4. h3 d5 5. Nf3 Nf6 6. Bd3 dxe4 7. Nxe4 O-O 8. c3 Nbd7 9. O-O Nxe4 10. Bxe4 Qc7 11. Re1 e5 12. dxe5 Nxe5 13. Nxe5 Bxe5 14. Bh6 Rd8 15. Qf3 Be6 16. Bc2 Bg7 17. Bxg7 Kxg7 18. Bb3 Bxb3 19. axb3 Rd2 20. Qe3 Rad8 21. Re2 R2d3 22. Qe4 a6 23. b4 R8d5 24. Rae1 Qd7 25. h4 Rd1 26. g3 Rxe1+ 27. Rxe1 Rd2 28. Qe5+ Kg8 29. Qe8+ Qxe8 30. Rxe8+ Kg7 31. Re7 Rxb2 32. Rxb7 a5 33. Rb6 axb4 34. cxb4 1/2-1/2

[Event "Czech Open Rapid 2019"]
[Site "Pardubice"]
[Date "2019.07.18"]
[Round "8.29"]
[White "Dolensky, Filip"]
[Black "Chubar, Vladimir"]
[Result "1/2-1/2"]
[WhiteElo "1609"]
[BlackElo "1927"]
[Annotator "NA"]
[PlyCount "105"]
[EventDate "2019.07.17"]
[EventType "swiss"]
[EventCountry "CZE"]
[SourceTitle "playchess.com"]
[Source "ChessBase"]
[SourceQuality "1"]

1. e4 e6 2. d3 d5 3. Nd2 Nf6 4. Ngf3 Nc6 5. g3 dxe4 6. dxe4 e5 7. c3 a5 8. Qc2 Bc5 9. Bg2 O-O 10. O-O b6 11. h3 Ba6 12. c4 Nb4 13. Qc3 Nd3 14. a3 Bb7 15. Ne1 Nxe1 16. Rxe1 Bd4 17. Qc2 Nh5 18. Nb3 Ba6 19. Nxd4 Qxd4 20. g4 Nf4 21. Bxf4 exf4 22. Rac1 Rad8 23. Red1 Qc5 24. Rd5 Qe7 25. Rcd1 Bb7 26. Rxd8 Rxd8 27. Rxd8+ Qxd8 28. Bf1 Qd4 29. Bd3 h5 30. Qc3 Qc5 31. b4 axb4 32. axb4 Qg5 33. f3 Qh4 34. Bf1 Qg3+ 35. Bg2 hxg4 36. hxg4 Bxe4 37. Qd4 Bg6 38. Qd8+ Kh7 39. Qxc7 f5 40. Qxb6 fxg4 41. Qf2 Qxf2+ 42. Kxf2 g3+ 43. Ke2 Be8 44. Kd3 Kg6 45. Kd4 Kf6 46. c5 g5 47. Kd5 g4 48. c6 gxf3 49. Bxf3 Bh5 50. Ke4 Bxf3+ 51. Kxf3 Ke7 52. b5 Kd6 53. Kg2 1/2-1/2

[Event "Czech Open Rapid 2019"]
[Site "Pardubice"]
[Date "2019.07.18"]
[Round "8.30"]
[White "Dixit, Nikhil"]
[Black "Sydoryka, Vladyslav"]
[Result "1/2-1/2"]
[WhiteElo "2318"]
[BlackElo "2315"]
[Annotator "NA"]
[PlyCount "198"]
[EventDate "2019.07.17"]
[EventType "swiss"]
[EventCountry "CZE"]
[SourceTitle "playchess.com"]
[Source "ChessBase"]
[SourceQuality "1"]

1. e4 c6 2. d4 d5 3. Nd2 dxe4 4. Nxe4 Nf6 5. Nxf6+ exf6 6. c3 Bd6 7. Bd3 O-O 8. Qc2 Re8+ 9. Ne2 h5 10. Be3 Nd7 11. O-O-O Nf8 12. h3 Be6 13. Kb1 a5 14. g4 h4 15. Rhg1 Qd7 16. c4 b5 17. d5 cxd5 18. cxd5 Bxd5 19. Bh7+ Nxh7 20. Rxd5 Re5 21. Qd3 Rxd5 22. Qxd5 Rd8 23. Rd1 Qe6 24. Qxe6 fxe6 25. Bb6 Rd7 26. Bc5 Bxc5 27. Rxd7 Bxf2 28. Nf4 Ng5 29. Nh5 Nxh3 30. Rxg7+ Kf8 31. Rd7 Ng5 32. Nxf6 h3 33. Nh7+ Ke8 34. Nf6+ Kf8 35. Nh7+ Ke8 36. Nxg5 Kxd7 37. Nxh3 Be3 38. Kc2 Kd6 39. Kd3 Bc1 40. b3 Ke5 41. Nf2 Kf4 42. Ne4 Kxg4 43. Nd6 b4 44. Ke4 Kg3 45. Nb7 Kf2 46. Nxa5 Ke2 47. Nc6 Ba3 48. Kd4 Kd1 49. Nd8 Kc2 50. Nxe6 Kb2 51. Kd3 Kxa2 52. Kc2 Bb2 53. Nc7 Bg7 54. Nd5 Ka3 55. Ne3 Ka2 56. Nc4 Bc3 57. Na5 Bg7 58. Kd3 Ka3 59. Kc4 Bf8 60. Nc6 Bd6 61. Nd4 Kb2 62. Nf5 Bf8 63. Ne3 Bd6 64. Nd1+ Kc2 65. Nf2 Kb2 66. Nd3+ Ka3 67. Ne1 Kb2 68. Nd3+ Ka3 69. Nf2 Kb2 70. Ne4 Bf8 71. Ng5 Bd6 72. Nf7 Bf8 73. Ne5 Ka3 74. Ng4 Bd6 75. Ne3 Kb2 76. Nf5 Bf8 77. Nd4 Bd6 78. Nb5 Bf8 79. Nc7 Ka3 80. Ne6 Bd6 81. Ng5 Bf8 82. Nf3 Bd6 83. Nd4 Kb2 84. Nc6 Ka3 85. Na7 Bf8 86. Nc8 Kb2 87. Na7 Ka3 88. Nb5+ Kb2 89. Nd4 Bd6 90. Nf5 Bf8 91. Ne3 Bd6 92. Nd5 Ka3 93. Nf6 Be7 94. Ng4 Kb2 95. Ne3 Bd6 96. Nf5 Bf8 97. Nd4 Bd6 98. Nc6 Ka3 99. Nxb4 Bxb4 1/2-1/2

[Event "Czech Open Rapid 2019"]
[Site "Pardubice"]
[Date "2019.07.18"]
[Round "8.30"]
[White "Bares, Jachym"]
[Black "Maiorov, Nikita"]
[Result "1-0"]
[WhiteElo "2015"]
[BlackElo "2522"]
[Annotator "ChessBase"]
[PlyCount "107"]
[EventDate "2019.07.17"]
[EventType "swiss"]
[EventCountry "CZE"]
[SourceTitle "playchess.com"]
[Source "ChessBase"]
[SourceQuality "1"]

1. e4 c5 2. Nf3 d6 3. d4 cxd4 4. Nxd4 Nf6 5. Nc3 g6 6. Be3 Bg7 7. f3 Nc6 8. Qd2 h5 9. O-O-O Bd7 10. Be2 a6 11. Kb1 b5 12. h3 Rc8 13. g4 O-O 14. gxh5 Nxh5 15. Rdg1 Ne5 16. Bh6 Kh7 17. Bxg7 Nxg7 18. f4 Nc4 19. Bxc4 Rxc4 20. f5 e6 21. fxg6+ fxg6 22. h4 Qe7 23. h5 Nxh5 24. Qe2 Be8 25. Nf3 Rc5 26. e5 d5 27. Ng5+ Kh8 28. Qe3 Rf5 29. Nxe6 Qxe6 30. Qxc5 Kg7 31. Nxd5 Bf7 32. Nc3 Qxe5 33. Qxe5+ Rxe5 34. b3 Nf4 35. Kb2 g5 36. a4 Kf6 37. axb5 axb5 38. Rh6+ Bg6 39. Rh8 b4 40. Na4 Re2 41. Rf8+ Kg7 42. Rc8 Ng2 43. Rc1 g4 44. Nc5 Ne3 45. Ne6+ Kf6 46. Nf4 Rh2 47. Rc6+ Kg5 48. Nxg6 g3 49. Ne5 Kf4 50. Nd3+ Kf3 51. Rf6+ Ke2 52. Re1+ Kd2 53. Rg1 g2 54. Rf2# 1-0

[Event "Czech Open Rapid 2019"]
[Site "Pardubice"]
[Date "2019.07.18"]
[Round "8.31"]
[White "Dev, Shah"]
[Black "Ptacnikova, Lenka"]
[Result "0-1"]
[WhiteElo "2147"]
[BlackElo "2074"]
[Annotator "NA"]
[PlyCount "146"]
[EventDate "2019.07.17"]
[EventType "swiss"]
[EventCountry "CZE"]
[SourceTitle "playchess.com"]
[Source "ChessBase"]
[SourceQuality "1"]

1. d4 Nf6 2. c4 e6 3. Nc3 Bb4 4. e3 O-O 5. Bd3 d5 6. Nf3 c5 7. O-O cxd4 8. exd4 dxc4 9. Bxc4 Nc6 10. Bg5 Be7 11. Re1 b6 12. Rc1 Bb7 13. a3 Rc8 14. Ba2 h6 15. Bh4 Na5 16. Ne5 Nc6 17. Nxf7 Rxf7 18. Bxe6 Nxd4 19. Bxc8 Bxc8 20. Nb5 Nxb5 21. Qxd8+ Bxd8 22. Rxc8 Rf8 23. Bg3 Nh5 24. Rd1 Bf6 25. Rxf8+ Kxf8 26. Bb8 Bxb2 27. Rd5 Nxa3 28. Rxh5 a6 29. Rd5 Nc4 30. Kf1 a5 31. Rb5 a4 32. Bc7 a3 33. Bxb6 a2 34. Bc5+ Kg8 35. Rb8+ Kh7 36. Ra8 a1=Q+ 37. Rxa1 Bxa1 38. Ke2 Kg6 39. Kd3 Ne5+ 40. Ke4 Ng4 41. h3 Nf6+ 42. Kf3 Nd7 43. Bd6 Kf5 44. g4+ Ke6 45. Ba3 Be5 46. Bc1 Nf6 47. g5 hxg5 48. Bxg5 Kf5 49. Be3 Nh5 50. Bd2 Nf4 51. h4 Nh5 52. Bb4 Bf6 53. Bf8 g6 54. Ba3 Bxh4 55. Bf8 Bf6 56. Ba3 Bd4 57. Bd6 Nf6 58. Bg3 Ne4 59. Bh4 Bxf2 60. Bxf2 Nxf2 61. Kxf2 Kf4 62. Kg2 Kg4 63. Kh2 Kf3 64. Kh1 Kg3 65. Kg1 g5 66. Kh1 Kf3 67. Kg1 g4 68. Kh2 Kf2 69. Kh1 Kg3 70. Kg1 Kh3 71. Kh1 g3 72. Kg1 g2 73. Kf2 Kh2 0-1

[Event "Czech Open Rapid 2019"]
[Site "Pardubice"]
[Date "2019.07.18"]
[Round "8.31"]
[White "Svizensky, Lubos"]
[Black "Effenberger, Adam"]
[Result "1-0"]
[WhiteElo "1945"]
[BlackElo "1797"]
[Annotator "NA"]
[PlyCount "53"]
[EventDate "2019.07.17"]
[EventType "swiss"]
[EventCountry "CZE"]
[SourceTitle "playchess.com"]
[Source "ChessBase"]
[SourceQuality "1"]

1. d4 c5 2. e3 Nf6 3. Nf3 d5 4. c4 Nc6 5. cxd5 Nxd5 6. e4 Nc7 7. d5 Nb8 8. Nc3 g6 9. Be3 b6 10. Be2 Bg7 11. O-O O-O 12. Qd2 Bh8 13. Rad1 Nd7 14. Bf4 f6 15. Bc4 b5 16. Nxb5 Nxb5 17. Bxb5 Ne5 18. Nxe5 fxe5 19. Be3 Rb8 20. Bc4 Qb6 21. d6+ e6 22. d7 Bb7 23. Qd6 Qxd6 24. Rxd6 Bxe4 25. Bxe6+ Kg7 26. Rfd1 Rfd8 27. Bg5 1-0

[Event "Czech Open Rapid 2019"]
[Site "Pardubice"]
[Date "2019.07.18"]
[Round "8.32"]
[White "Pacl, Vaclav"]
[Black "Korchagin, Oleg"]
[Result "0-1"]
[WhiteElo "2059"]
[BlackElo "2056"]
[Annotator "NA"]
[PlyCount "124"]
[EventDate "2019.07.17"]
[EventType "swiss"]
[EventCountry "CZE"]
[SourceTitle "playchess.com"]
[Source "ChessBase"]
[SourceQuality "1"]

1. Nf3 f5 2. d4 Nf6 3. Bf4 e6 4. e3 Be7 5. h3 d6 6. Nbd2 O-O 7. c3 Nc6 8. Qc2 Nd5 9. Bh2 Bf6 10. e4 fxe4 11. Nxe4 e5 12. Bc4 Be6 13. Qb3 Na5 14. Bxd5 Nxb3 15. Bxe6+ Kh8 16. Bxb3 exd4 17. O-O dxc3 18. Nxc3 c6 19. Rad1 d5 20. Nd4 Re8 21. Rd2 Qc8 22. Bc2 g6 23. Bd1 a6 24. Bg4 Qd8 25. Ne6 Qa5 26. Nc7 Bxc3 27. bxc3 Qxc3 28. Rdd1 Rad8 29. Nxe8 Rxe8 30. Rc1 Qf6 31. Rfe1 Re7 32. Rxe7 Qxe7 33. Kf1 h5 34. Re1 Qb4 35. Bd7 Kg7 36. Be5+ Kf7 37. Be6+ Kf8 38. f4 a5 39. f5 gxf5 40. Bxf5 a4 41. Re2 Qc4 42. Bg6 Qc1+ 43. Re1 Qc4+ 44. Kg1 h4 45. Rf1+ Ke7 46. Rf4 Qxa2 47. Rxh4 Qe2 48. Rh7+ Ke6 49. Bb8 Kf6 50. Bh5 Qe1+ 51. Kh2 a3 52. Rf7+ Kg5 53. Bf3 a2 54. Bg3 Qe6 55. h4+ Kg6 56. Rf4 a1=Q 57. h5+ Kh7 58. Bg4 Qe7 59. Bf5+ Kh8 60. Bg6 Qae5 61. Rf8+ Kg7 62. Bxe5+ Qxe5+ 0-1

[Event "Czech Open Rapid 2019"]
[Site "Pardubice"]
[Date "2019.07.18"]
[Round "8.32"]
[White "Babicka, Michal"]
[Black "Chudinovskikh, Alexander M"]
[Result "0-1"]
[WhiteElo "2005"]
[BlackElo "2152"]
[Annotator "NA"]
[PlyCount "95"]
[EventDate "2019.07.17"]
[EventType "swiss"]
[EventCountry "CZE"]
[SourceTitle "playchess.com"]
[Source "ChessBase"]
[SourceQuality "1"]

1. e4 g6 2. d4 Bg7 3. Nc3 a6 4. Be3 b5 5. a3 d6 6. Qd2 Nd7 7. f4 Bb7 8. Nf3 c5 9. dxc5 Nxc5 10. e5 Rc8 11. exd6 Qxd6 12. Qxd6 exd6 13. O-O-O Ne7 14. Bd4 Bxd4 15. Nxd4 O-O 16. Rg1 Ne4 17. Nxe4 Bxe4 18. Bd3 d5 19. g4 Nc6 20. Bxe4 dxe4 21. f5 Ne5 22. h3 Rfd8 23. Kb1 Nc4 24. Rge1 e3 25. Rd3 Rd6 26. b3 Nd2+ 27. Kb2 Rcd8 28. Kc3 Ne4+ 29. Kb2 Rxd4 30. Rdxe3 gxf5 31. gxf5 Nf6 32. Re7 R8d7 33. R7e3 Rf4 34. Rg1+ Kf8 35. Rc3 Rxf5 36. Rc6 Nd5 37. Rxa6 Rf2 38. Rc6 Rc7 39. Rxc7 Nxc7 40. Rg5 f5 41. Rg3 Kf7 42. Rc3 Ne6 43. Rd3 f4 44. Rd5 f3 45. Kc3 Kf6 46. Rxb5 Rxc2+ 47. Kxc2 f2 48. Rb4 0-1

[Event "Czech Open Rapid 2019"]
[Site "Pardubice"]
[Date "2019.07.18"]
[Round "8.33"]
[White "Ter-Saakian, Grigorii"]
[Black "Gagare, Shalmali"]
[Result "1-0"]
[WhiteElo "2338"]
[BlackElo "2058"]
[Annotator "NA"]
[PlyCount "105"]
[EventDate "2019.07.17"]
[EventType "swiss"]
[EventCountry "CZE"]
[SourceTitle "playchess.com"]
[Source "ChessBase"]
[SourceQuality "1"]

1. e4 e5 2. f4 exf4 3. Nf3 d5 4. exd5 Nf6 5. c4 c6 6. d4 cxd5 7. Nc3 Bd6 8. Bd3 O-O 9. O-O dxc4 10. Bxc4 Nbd7 11. Bb3 a6 12. Ne2 b5 13. Bxf4 Bxf4 14. Nxf4 Bb7 15. Ne5 Nxe5 16. dxe5 Qb6+ 17. Kh1 Rad8 18. Qe2 Nd5 19. e6 Nxf4 20. exf7+ Kh8 21. Rxf4 Bd5 22. Bxd5 Rxd5 23. Qe7 Rdd8 24. Re1 h6 25. h3 Kh7 26. Qe4+ g6 27. Ref1 Qc5 28. b4 Qd5 29. Qc2 Qd3 30. Qc6 Qd6 31. Qc2 Qd3 32. Qc6 Qd6 33. Rf6 Qxc6 34. Rxc6 Kg7 35. Rff6 g5 36. Rxh6 Kxf7 37. Rc7+ Kg8 38. Rg6+ Kh8 39. Rh6+ Kg8 40. Rg6+ Kh8 41. Rxg5 Rf1+ 42. Kh2 Rf2 43. Rc6 Kh7 44. Rxa6 Rdd2 45. a4 bxa4 46. Rxa4 Kh6 47. Rg4 Rb2 48. Ra6+ Kh7 49. Ra7+ Kh6 50. Ra8 Kh7 51. Ra3 Rb1 52. Rag3 Rfb2 53. Rh4# 1-0

[Event "Czech Open Rapid 2019"]
[Site "Pardubice"]
[Date "2019.07.18"]
[Round "8.33"]
[White "Iro, Christian"]
[Black "Nehyba, Martin"]
[Result "1/2-1/2"]
[WhiteElo "2077"]
[BlackElo "2090"]
[Annotator "NA"]
[PlyCount "57"]
[EventDate "2019.07.17"]
[EventType "swiss"]
[EventCountry "CZE"]
[SourceTitle "playchess.com"]
[Source "ChessBase"]
[SourceQuality "1"]

1. e4 c5 2. Nf3 Nc6 3. d4 cxd4 4. Nxd4 Nf6 5. Nc3 e6 6. Nxc6 bxc6 7. e5 Nd5 8. Nxd5 cxd5 9. Bd3 d6 10. Bf4 Be7 11. Qg4 g6 12. O-O dxe5 13. Bxe5 Bf6 14. Bxf6 Qxf6 15. Bb5+ Bd7 16. Bxd7+ Kxd7 17. c4 dxc4 18. Qxc4 Rhc8 19. Rad1+ Ke8 20. Qe2 Kf8 21. h3 Kg7 22. Rd7 Rd8 23. Rfd1 a5 24. Rxd8 Rxd8 25. Rxd8 Qxd8 26. Qe5+ Kg8 27. a3 Qd1+ 28. Kh2 a4 29. Qb8+ 1/2-1/2

[Event "Czech Open Rapid 2019"]
[Site "Pardubice"]
[Date "2019.07.18"]
[Round "8.34"]
[White "Kusa, Jakub"]
[Black "Nun, Jiri"]
[Result "1-0"]
[WhiteElo "2199"]
[BlackElo "2310"]
[Annotator "NA"]
[PlyCount "113"]
[EventDate "2019.07.17"]
[EventType "swiss"]
[EventCountry "CZE"]
[SourceTitle "playchess.com"]
[Source "ChessBase"]
[SourceQuality "1"]

1. e4 c6 2. d4 g6 3. Nf3 d5 4. exd5 cxd5 5. Bd3 Nc6 6. c3 Nh6 7. h3 f6 8. O-O Nf7 9. Re1 Bg7 10. Be3 O-O 11. Nbd2 e5 12. dxe5 fxe5 13. Bc5 Re8 14. Bc2 e4 15. Nd4 Nxd4 16. Bxd4 Bxd4 17. cxd4 Qf6 18. Nf1 Ng5 19. Bb3 Be6 20. Ne3 Rad8 21. Rc1 h5 22. Rc5 Qf7 23. h4 Nh7 24. Qc2 Re7 25. Rc1 Nf6 26. Rc7 Ne8 27. Rxe7 Qxe7 28. Qc5 Qxc5 29. Rxc5 b6 30. Rc6 Kf7 31. g3 Ke7 32. Kf1 Nf6 33. Ke2 Rd7 34. Ba4 Rb7 35. Bb3 Kd7 36. Rc1 Kd6 37. Ba4 b5 38. Bb3 a5 39. Bd1 Bd7 40. Kd2 Bc6 41. g4 hxg4 42. Nxg4 Nxg4 43. Bxg4 Rh7 44. Rh1 b4 45. h5 Be8 46. h6 Ke7 47. Ke3 Kf6 48. f3 Kg5 49. Be6 Bc6 50. fxe4 dxe4 51. d5 Bb7 52. Kxe4 Kf6 53. Rf1+ Ke7 54. Ke5 g5 55. d6+ Ke8 56. d7+ Ke7 57. Rf8 1-0

[Event "Czech Open Rapid 2019"]
[Site "Pardubice"]
[Date "2019.07.18"]
[Round "8.34"]
[White "Chrz, Pavel"]
[Black "Eliseev, Sergey"]
[Result "1-0"]
[WhiteElo "1985"]
[BlackElo "2053"]
[Annotator "NA"]
[PlyCount "67"]
[EventDate "2019.07.17"]
[EventType "swiss"]
[EventCountry "CZE"]
[SourceTitle "playchess.com"]
[Source "ChessBase"]
[SourceQuality "1"]

1. d4 Nf6 2. Nf3 g6 3. Bg5 Bg7 4. Nbd2 d5 5. c3 O-O 6. e3 Bg4 7. h3 Bf5 8. Be2 Nbd7 9. O-O h6 10. Bf4 Ne4 11. Qb3 Nxd2 12. Nxd2 Nb6 13. Rac1 Re8 14. c4 g5 15. Bg3 e5 16. cxd5 Qxd5 17. Qxd5 Nxd5 18. dxe5 Bxe5 19. Bxe5 Rxe5 20. Bf3 Bg6 21. Nc4 Rf5 22. Be4 c6 23. Bxf5 Bxf5 24. Nd6 Bd3 25. Rfd1 Ba6 26. Ne4 Kg7 27. Nc5 Be2 28. Rd2 Bh5 29. Nxb7 Rb8 30. Na5 Ne7 31. b3 Kf6 32. Rd6+ Ke5 33. Rd7 Ke6 34. Rxe7+ 1-0

[Event "Czech Open Rapid 2019"]
[Site "Pardubice"]
[Date "2019.07.18"]
[Round "8.35"]
[White "Rosko, Lubos"]
[Black "Odler, Daniel"]
[Result "1-0"]
[WhiteElo "2309"]
[BlackElo "2047"]
[Annotator "NA"]
[PlyCount "71"]
[EventDate "2019.07.17"]
[EventType "swiss"]
[EventCountry "CZE"]
[SourceTitle "playchess.com"]
[Source "ChessBase"]
[SourceQuality "1"]

1. d4 d5 2. Bf4 c6 3. e3 Nf6 4. c4 Qa5+ 5. Qd2 Qxd2+ 6. Nxd2 Nbd7 7. cxd5 cxd5 8. Ngf3 Nb6 9. Rc1 Nh5 10. Bc7 e6 11. Bd3 Be7 12. Ke2 O-O 13. a3 Nf6 14. h4 Ne8 15. Bf4 Nd6 16. g4 Bd7 17. Ne5 Rac8 18. Nxd7 Nxd7 19. h5 Rxc1 20. Rxc1 Rd8 21. Rc7 Kf8 22. Bxh7 Nf6 23. Bd3 Nxg4 24. Bxd6 Bxd6 25. Rxb7 Bb8 26. Nf3 a5 27. Ng5 Nh6 28. Bg6 Rc8 29. Bxf7 Nxf7 30. Rxf7+ Kg8 31. Rb7 Bd6 32. Nxe6 Rb8 33. Rxb8+ Bxb8 34. b4 Kf7 35. Nd8+ Ke8 36. Nc6 1-0

[Event "Czech Open Rapid 2019"]
[Site "Pardubice"]
[Date "2019.07.18"]
[Round "8.35"]
[White "Roskova, Katerina"]
[Black "Juchelka, Petr"]
[Result "1-0"]
[WhiteElo "1972"]
[BlackElo "1691"]
[Annotator "NA"]
[PlyCount "103"]
[EventDate "2019.07.17"]
[EventType "swiss"]
[EventCountry "CZE"]
[SourceTitle "playchess.com"]
[Source "ChessBase"]
[SourceQuality "1"]

1. Nf3 Nc6 2. c4 e5 3. d3 Nf6 4. g3 d5 5. cxd5 Nxd5 6. Bg2 Be6 7. O-O Bd6 8. Ng5 Qd7 9. Nxe6 Qxe6 10. Qb3 Ndb4 11. Qxe6+ fxe6 12. Nc3 O-O 13. Bd2 Nc2 14. Rac1 N2d4 15. e3 Nf5 16. Ne4 Rac8 17. Nc5 Bxc5 18. Rxc5 Nfe7 19. Rfc1 Rfd8 20. Be4 Nd5 21. a3 Nce7 22. Bxd5 Nxd5 23. e4 b6 24. Rc6 Nf6 25. Rxc7 Rxc7 26. Rxc7 Rxd3 27. Bc3 Nxe4 28. Bxe5 Rd1+ 29. Kg2 Rd2 30. Rxg7+ Kf8 31. Rxh7 Nxf2 32. Kf3 Nd1 33. h4 Rf2+ 34. Kg4 Ne3+ 35. Kh3 Nc4 36. Bd4 Re2 37. Rxa7 e5 38. Bc3 Nxb2 39. h5 Nd3 40. Kh4 Re4+ 41. Kg5 Re3 42. g4 Nc5 43. Bb4 Kg8 44. Bxc5 bxc5 45. Kg6 Kf8 46. h6 c4 47. h7 Rh3 48. h8=Q+ Rxh8 49. Ra8+ Ke7 50. Rxh8 Kd6 51. Kf5 c3 52. Rc8 1-0

[Event "Czech Open Rapid 2019"]
[Site "Pardubice"]
[Date "2019.07.18"]
[Round "8.36"]
[White "Karsay, Pascal"]
[Black "Zdrazil, Tomas"]
[Result "0-1"]
[WhiteElo "2304"]
[BlackElo "2130"]
[Annotator "NA"]
[PlyCount "100"]
[EventDate "2019.07.17"]
[EventType "swiss"]
[EventCountry "CZE"]
[SourceTitle "playchess.com"]
[Source "ChessBase"]
[SourceQuality "1"]

1. Nf3 Nf6 2. g3 g6 3. c4 Bg7 4. Bg2 O-O 5. O-O c6 6. d4 d5 7. b3 a5 8. Bb2 a4 9. e3 Ne4 10. Qc1 axb3 11. axb3 Rxa1 12. Bxa1 Na6 13. Nc3 Nb4 14. Rd1 Qa5 15. Nxe4 dxe4 16. Nd2 Bg4 17. Rf1 Be2 18. Bxe4 Bxf1 19. Kxf1 e5 20. Bc3 exd4 21. exd4 Na2 22. Bxa5 Nxc1 23. d5 f5 24. Bf3 Bh6 25. dxc6 bxc6 26. Bxc6 Bxd2 27. Bxd2 Nxb3 28. Bh6 Rc8 29. Bd5+ Kh8 30. Ke2 Nc5 31. Ke3 Re8+ 32. Kd4 Nb3+ 33. Kc3 Nc5 34. f3 Ne6 35. Kb4 Kg8 36. c5 Kf7 37. Bf4 Kf6 38. Bd6 Nd4 39. Kc4 Nc2 40. Bc6 Re1 41. f4 Ne3+ 42. Kd3 Ng4 43. Bd7 Rd1+ 44. Kc4 Ne3+ 45. Kb5 Rb1+ 46. Kc6 Nc4 47. Bc7 Ke7 48. Bc8 Na5+ 49. Kd5 Rd1+ 50. Ke5 Nc4# 0-1

[Event "Czech Open Rapid 2019"]
[Site "Pardubice"]
[Date "2019.07.18"]
[Round "8.37"]
[White "Zhuravlev, Stepan"]
[Black "Dovzhenko, Viktor"]
[Result "1-0"]
[WhiteElo "2182"]
[BlackElo "2100"]
[Annotator "NA"]
[PlyCount "71"]
[EventDate "2019.07.17"]
[EventType "swiss"]
[EventCountry "CZE"]
[SourceTitle "playchess.com"]
[Source "ChessBase"]
[SourceQuality "1"]

1. d4 g6 2. e4 Bg7 3. Nc3 a6 4. f4 d5 5. e5 h5 6. Nf3 Nh6 7. Bd3 Bf5 8. Be3 Nc6 9. a3 Qd7 10. h3 f6 11. Qd2 fxe5 12. fxe5 Bxd3 13. Qxd3 Nf5 14. Bg5 O-O-O 15. O-O-O Rdf8 16. Kb1 h4 17. Rhe1 e6 18. Na4 Kb8 19. Nc5 Qc8 20. Qc3 Ka7 21. Ka2 Rh5 22. Bc1 Bh6 23. Bxh6 Nxh6 24. b4 Qe8 25. b5 axb5 26. Rb1 b6 27. Rxb5 Nf5 28. Reb1 Ng3 29. Qb3 Rxf3 30. gxf3 Ne2 31. Qa4+ Kb8 32. Qa6 Nc3+ 33. Ka1 Nd8 34. Rxb6+ cxb6 35. Rxb6+ Kc7 36. Qa7+ 1-0

[Event "Czech Open Rapid 2019"]
[Site "Pardubice"]
[Date "2019.07.18"]
[Round "8.38"]
[White "Polak, Benedikt"]
[Black "Flajsman, Pavel"]
[Result "1/2-1/2"]
[WhiteElo "2170"]
[BlackElo "1917"]
[Annotator "NA"]
[PlyCount "89"]
[EventDate "2019.07.17"]
[EventType "swiss"]
[EventCountry "CZE"]
[SourceTitle "playchess.com"]
[Source "ChessBase"]
[SourceQuality "1"]

1. Nf3 Nf6 2. c4 e6 3. Nc3 d5 4. e3 Be7 5. b3 O-O 6. Bb2 c5 7. cxd5 exd5 8. d4 Bg4 9. Be2 Nc6 10. dxc5 Bxc5 11. O-O a6 12. Rc1 Qd6 13. Qd2 Rfd8 14. Rfd1 Rac8 15. Qc2 Ba7 16. Qb1 Bb8 17. g3 Qe7 18. Nh4 Bxe2 19. Nf5 Qe6 20. Nxe2 Be5 21. Ned4 Bxd4 22. Bxd4 Nxd4 23. Nxd4 Qe4 24. Qxe4 dxe4 25. Kf1 g6 26. Ke2 Kf8 27. f3 exf3+ 28. Kxf3 Ke7 29. g4 h5 30. g5 Ne8 31. h4 Nd6 32. Kf4 Rxc1 33. Rxc1 Kd7 34. Nf3 Rc8 35. Ne5+ Ke6 36. Rxc8 Nxc8 37. Nc4 Ne7 38. e4 Nc6 39. Ne3 Nb4 40. a3 Nd3+ 41. Kf3 Nc5 42. b4 Nb3 43. Nc4 Nd4+ 44. Ke3 Nc6 45. Kf4 1/2-1/2

[Event "Czech Open Rapid 2019"]
[Site "Pardubice"]
[Date "2019.07.18"]
[Round "8.39"]
[White "Hagemann, Sven"]
[Black "Nikologorsky, Matfei"]
[Result "1-0"]
[WhiteElo "2014"]
[BlackElo "2223"]
[Annotator "NA"]
[PlyCount "61"]
[EventDate "2019.07.17"]
[EventType "swiss"]
[EventCountry "CZE"]
[SourceTitle "playchess.com"]
[Source "ChessBase"]
[SourceQuality "1"]

1. e4 c5 2. Nc3 e6 3. f4 d5 4. Nf3 Nc6 5. Bb5 Nf6 6. Bxc6+ bxc6 7. e5 Ng4 8. h3 Nh6 9. d3 Be7 10. O-O Rb8 11. b3 Nf5 12. Na4 c4 13. g4 Nh4 14. dxc4 h5 15. Nxh4 Bxh4 16. g5 f6 17. Qd3 Kf7 18. exf6 gxf6 19. Bb2 dxc4 20. Qe3 Rg8 21. Qxa7+ Rb7 22. Qe3 Qd5 23. Bxf6 Qf5 24. Kh1 cxb3 25. cxb3 Rb4 26. Nc5 Rb5 27. Rac1 Kg6 28. Kh2 Rf8 29. Qe5 Rxc5 30. Qxc5 Qd3 31. Qc2 1-0